[Event "4NCL Online Division 3"]
[Site "online"]
[Date "2022.03.08"]
[EventDate "2022.03.08"]
[Round "4.102"]
[White "Bench, Fred"]
[WhiteElo "1547"]
[WhiteTeam "Shropshire and Friends 5"]
[Black "Taylor, Robert P"]
[BlackElo "1639"]
[BlackTeam "Ashfield Anonymous D"]
[Result "0-1"]
[PlyCount "50"]

1. e4 Nc6 2. d4 d5 3. e5 Bf5 4. Nf3 e6 5. Be2 f6 6. Bf4 fxe5 7. Bxe5 Nf6 8. Nbd2 Bd6 9. Bb5 O-O 10. Bxc6 bxc6 11. O-O c5 12. c3 cxd4 13. cxd4 c5 14. Nb3 c4 15. Nbd2 Ng4 16. h3 Nxe5 17. Nxe5 Bxe5 18. dxe5 Qb6 19. Qc1 Bd3 20. Rd1 Rxf2 21. Kh1 Raf8 22. b3 Qe3 23. bxc4 Rxg2 24. Kxg2 Rf2+ 25. Kg1 Qg3+ 0-1

[Event "4NCL Online Division 3"]
[Site "online"]
[Date "2022.03.08"]
[EventDate "2022.03.08"]
[Round "4.103"]
[White "Fraser, Chris"]
[WhiteElo "1562"]
[WhiteTeam "Ashfield Anonymous D"]
[Black "Bonner, Dennis M"]
[BlackElo "1483"]
[BlackTeam "Shropshire and Friends 5"]
[Result "1-0"]
[PlyCount "71"]

1. e4 c5 2. Nc3 Nc6 3. f4 e6 4. Nf3 a6 5. g3 g6 6. Bg2 Bg7 7. d3 Qb6 8. e5 Qc7 9. Ne4 Bf8 10. O-O b6 11. b3 Bb7 12. Bb2 Nb4 13. Nfd2 Nd5 14. Qe2 b5 15. Nd6+ Ke7 16. N2e4 Rb8 17. Ng5 Nh6 18. Nge4 Nf5 19. Nxf5+ gxf5 20. Nd6 h5 21. Qf2 Bg7 22. a4 b4 23. Rad1 Rh7 24. d4 Nc3 25. Bxc3 bxc3 26. Bxb7 Rxb7 27. Nxb7 Qxb7 28. dxc5 Qc6 29. Rd6 Qe4 30. Re1 Qa8 31. Red1 h4 32. Rxd7+ Ke8 33. Qg2 Qxg2+ 34. Kxg2 hxg3 35. Rd8+ Ke7 36. R1d7# 1-0

[Event "4NCL Online Division 3"]
[Site "online"]
[Date "2022.03.08"]
[EventDate "2022.03.08"]
[Round "4.111"]
[White "Ye, Tim"]
[WhiteElo "1364"]
[WhiteTeam "Manchester Juniors B"]
[Black "Pert, Max"]
[BlackElo "1692"]
[BlackTeam "Brentwood Juniors"]
[Result "1-0"]
[PlyCount "67"]

1. e4 c6 2. d4 d5 3. exd5 cxd5 4. c4 Nf6 5. Nc3 g6 6. Nf3 Bg7 7. Bd3 O-O 8. h3 dxc4 9. Bxc4 Nbd7 10. O-O Nb6 11. Bb3 e6 12. Re1 Bd7 13. Bg5 Bc6 14. Ne5 Qd6 15. Nxc6 bxc6 16. Qd2 a5 17. Bf4 Qd7 18. Be5 a4 19. Bc2 Nc4 20. Qc1 Nd5 21. Bxg7 Kxg7 22. Nxa4 Ndb6 23. Nxb6 Nxb6 24. Rd1 Nd5 25. Bb3 Qd6 26. Qc2 Nf4 27. Rac1 Rfc8 28. Qd2 Rab8 29. Re1 Rb5 30. Re4 Rf5 31. Re3 Rg5 32. Rg3 Rxg3 33. fxg3 Qxd4+ 34. Qxd4+ 1-0

[Event "4NCL Online Division 3"]
[Site "online"]
[Date "2022.03.08"]
[EventDate "2022.03.08"]
[Round "4.113"]
[White "Eccleston, Rowan"]
[WhiteElo "1233"]
[WhiteTeam "Manchester Juniors B"]
[Black "Omoruyi, Jaden"]
[BlackElo "1527"]
[BlackTeam "Brentwood Juniors"]
[Result "0-1"]
[PlyCount "96"]

1. f4 d5 2. Nf3 c5 3. e3 Nc6 4. Bb5 a6 5. Bxc6+ bxc6 6. O-O Nf6 7. b3 Bf5 8. Bb2 e6 9. Ne5 Qc7 10. d3 h5 11. h3 Bd6 12. Nd2 O-O 13. Ndf3 Qb6 14. Ba3 Rfd8 15. Qd2 Ne8 16. Rab1 f6 17. Ng6 Bxg6 18. b4 c4 19. Nd4 e5 20. fxe5 Bxe5 21. Ne6 Rd6 22. Nc5 cxd3 23. cxd3 Qb5 24. Rfc1 Nc7 25. Rb3 Ne6 26. d4 Bg3 27. e4 Bf4 28. Qd1 Bxc1 29. e5 fxe5 30. dxe5 Nxc5 31. bxc5 Be3+ 32. Kh1 Qc4 33. cxd6 Rf8 34. d7 Rf1+ 35. Kh2 Bf4+ 36. g3 Rf2+ 37. Kg1 Be3 38. d8=Q+ Rf8+ 39. Kg2 Rxd8 40. Rxe3 Be4+ 41. Kg1 Qxa2 42. Rxe4 Qxa3 43. Kg2 Rb8 44. Rf4 Rb2+ 45. Kg1 Qxg3+ 46. Kf1 Qxf4+ 47. Kg1 Qg3+ 48. Kf1 Qf2# 0-1

[Event "4NCL Online Division 3"]
[Site "online"]
[Date "2022.03.08"]
[EventDate "2022.03.08"]
[Round "4.114"]
[White "Mouratidis, Markos"]
[WhiteElo "1152"]
[WhiteTeam "Brentwood Juniors"]
[Black "Benhamida, Jude"]
[BlackElo "1199"]
[BlackTeam "Manchester Juniors B"]
[Result "0-1"]
[PlyCount "124"]

1. e4 e5 2. Nf3 Nc6 3. Bc4 Bc5 4. Nc3 d6 5. h3 Be6 6. Bb3 Nf6 7. d3 d5 8. exd5 Nxd5 9. Nxd5 Bxd5 10. Bxd5 Qxd5 11. O-O O-O-O 12. Be3 Bb6 13. Qe2 f6 14. Bxb6 cxb6 15. Nh4 g6 16. Nf3 Rde8 17. c4 Qd7 18. Rad1 h5 19. Nh2 g5 20. Qf3 Ref8 21. Qe3 g4 22. h4 f5 23. g3 f4 24. Qd2 fxg3 25. fxg3 Qd4+ 26. Kh1 a6 27. Qc3 Qd6 28. a3 Nd4 29. b4 Qc6+ 30. Nf3 Rxf3 31. Kh2 Rhf8 32. Rxf3 gxf3 33. Qa1 f2 34. Rc1 Nf3+ 35. Kh3 Nd4 36. b5 axb5 37. cxb5 Qxc1 38. Qxc1+ Kb8 39. Qf1 Nc2 40. d4 exd4 41. a4 Ne3 42. Qh1 f1=Q+ 43. Qxf1 Rxf1 44. g4 hxg4+ 45. Kg3 Rf3+ 46. Kh2 g3+ 47. Kh3 g2+ 48. Kh2 Rf2 49. h5 g1=Q+ 50. Kxg1 Rg2+ 51. Kh1 Rg8 52. h6 Rh8 53. Kg1 Rxh6 54. a5 bxa5 55. b6 a4 56. Kf2 Nd5 57. Ke2 Rh3 58. Kd2 a3 59. Kc2 d3+ 60. Kb1 d2 61. Ka2 Nb4+ 62. Ka1 Rh1# 0-1

[Event "4NCL Online Division 3"]
[Site "online"]
[Date "2022.03.08"]
[EventDate "2022.03.08"]
[Round "4.121"]
[White "Madhavan, Sanjith"]
[WhiteElo "1732"]
[WhiteTeam "East Kilbride Strollers"]
[Black "de Jonge, Henk"]
[BlackElo "1945"]
[BlackTeam "Cork A"]
[Result "1-0"]
[PlyCount "75"]

1. e4 d6 2. d4 Nf6 3. Nc3 g6 4. Nf3 Bg7 5. Bg5 c6 6. Qd2 Qa5 7. O-O-O b5 8. a3 Nbd7 9. h4 Nb6 10. Bxf6 Bxf6 11. e5 Bg7 12. exd6 exd6 13. Re1+ Be6 14. Ng5 Kd7 15. g3 Nd5 16. Nxe6 fxe6 17. Nxd5 Qxd2+ 18. Kxd2 exd5 19. Bh3+ Kd8 20. c3 Re8 21. Rxe8+ Kxe8 22. Re1+ Kf7 23. Bd7 c5 24. Be6+ Kf8 25. Bxd5 Re8 26. Rxe8+ Kxe8 27. dxc5 dxc5 28. Bc6+ Ke7 29. Bxb5 Kd6 30. Kd3 h6 31. f4 Bf6 32. Ke4 a5 33. a4 Be7 34. Bc4 g5 35. fxg5 hxg5 36. h5 Bf6 37. Kf5 Be5 38. g4 1-0

[Event "4NCL Online Division 3"]
[Site "online"]
[Date "2022.03.08"]
[EventDate "2022.03.08"]
[Round "4.122"]
[White "Lawrence, Simon"]
[WhiteElo "1682"]
[WhiteTeam "Cork A"]
[Black "Robertson, Jim"]
[BlackElo "1703"]
[BlackTeam "East Kilbride Strollers"]
[Result "1-0"]
[PlyCount "59"]

1. d4 d5 2. c4 e6 3. Nc3 f5 4. cxd5 exd5 5. Nf3 c6 6. Qb3 Bd6 7. g3 Nf6 8. Bg2 Nbd7 9. O-O O-O 10. a4 Bc7 11. Bg5 a5 12. Rac1 Qe8 13. Nh4 Nb6 14. Bxf6 Rxf6 15. Nxd5 Nxd5 16. Bxd5+ Kh8 17. e3 Rh6 18. Bg2 Rb8 19. Nf3 Be6 20. Qc3 Bd5 21. Ne5 Qh5 22. h4 Be6 23. d5 Bxe5 24. Qxe5 Re8 25. dxe6 Rexe6 26. Qxa5 g5 27. Qd8+ Kg7 28. Qxg5+ Kh8 29. Qxh5 Rxh5 30. Rfd1 1-0

[Event "4NCL Online Division 3"]
[Site "online"]
[Date "2022.03.08"]
[EventDate "2022.03.08"]
[Round "4.123"]
[White "Stewart, Alastair G"]
[WhiteElo "1576"]
[WhiteTeam "East Kilbride Strollers"]
[Black "Sharma, Vaibhav"]
[BlackElo "1501"]
[BlackTeam "Cork A"]
[Result "1-0"]
[PlyCount "73"]

1. d4 d5 2. Nf3 e6 3. e3 Nf6 4. Bd3 Be7 5. Nbd2 c5 6. c3 c4 7. Bc2 a6 8. O-O O-O 9. e4 dxe4 10. Nxe4 Nxe4 11. Bxe4 Nc6 12. Qe2 Na5 13. Re1 Bd7 14. Ne5 Rc8 15. Bf4 Bf6 16. Nxd7 Qxd7 17. Qh5 g6 18. Qxa5 Bd8 19. Qb4 b5 20. Qd6 Qa7 21. Qe5 Bc7 22. Qf6 Bd8 23. Qe5 Qe7 24. Bh6 f6 25. Qg3 Bc7 26. Bxf8 Rxf8 27. Qf3 f5 28. Bd5 Rf6 29. Rxe6 Rxe6 30. Re1 Kg7 31. Rxe6 Qg5 32. g3 h5 33. Qe2 Kh6 34. h4 Qc1+ 35. Kg2 f4 36. Qe4 f3+ 37. Qxf3 1-0

[Event "4NCL Online Division 3"]
[Site "online"]
[Date "2022.03.08"]
[EventDate "2022.03.08"]
[Round "4.124"]
[White "Bradley, Michael"]
[WhiteElo "1456"]
[WhiteTeam "Cork A"]
[Black "Smith, Bob"]
[BlackElo "1429"]
[BlackTeam "East Kilbride Strollers"]
[Result "0-1"]
[PlyCount "98"]

1. e4 b6 2. d4 Bb7 3. Bd3 e6 4. c3 g6 5. Be3 Bg7 6. f4 f5 7. Qc2 Nf6 8. exf5 gxf5 9. Nf3 Bxf3 10. gxf3 Nc6 11. Na3 h5 12. O-O-O Ne7 13. Rhg1 Bh6 14. c4 c6 15. Kb1 Qc7 16. Qd2 Kf7 17. d5 cxd5 18. Nb5 Qc6 19. cxd5 Qxd5 20. Nc7 Qxf3 21. Nxa8 Rxa8 22. Bd4 Qxf4 23. Qxf4 Bxf4 24. h3 Rg8 25. Bxf6 Rxg1 26. Rxg1 Kxf6 27. Be2 h4 28. Bb5 d6 29. Rg2 d5 30. Rc2 Kg6 31. Bd7 Kf6 32. Rf2 Bd6 33. Kc2 f4 34. b4 e5 35. a3 e4 36. Bg4 Ke5 37. Bh5 d4 38. Rg2 d3+ 39. Kd2 Kd4 40. Bd1 e3+ 41. Kc1 Nf5 42. Bf3 Ng3 43. Ra2 Be5 44. a4 Kc4 45. b5 Ne2+ 46. Bxe2 dxe2 47. Rxe2 Kd3 48. Ra2 f3 49. Ra3+ Bc3 0-1

[Event "4NCL Online Division 3"]
[Site "online"]
[Date "2022.03.08"]
[EventDate "2022.03.08"]
[Round "4.131"]
[White "He, Tom Junde"]
[WhiteElo "1576"]
[WhiteTeam "Warwickshire Bears B"]
[Black "Wright, Robert"]
[BlackElo "1969"]
[BlackTeam "Hackney Hackers"]
[Result "0-1"]
[PlyCount "75"]

1. e4 c5 2. Bc4 e6 3. c3 Nc6 4. Nf3 a6 5. a4 Qc7 6. d3 h6 7. Be3 Nf6 8. Nbd2 d5 9. Bb3 Be7 10. Bc2 O-O 11. O-O Rd8 12. exd5 Nxd5 13. d4 b6 14. Qe2 cxd4 15. Nxd4 Nxd4 16. Bxd4 Nf4 17. Qe4 f5 18. Qxa8 Bb7 19. Qa7 Ne2+ 20. Kh1 Bxg2+ 21. Kxg2 Qxa7 22. Nf3 Qc7 23. Be5 Qc6 24. Rae1 Qc4 25. h3 Bf6 26. b3 Nf4+ 27. Bxf4 Qxf4 28. Rxe6 Bxc3 29. Rxb6 g5 30. Rxa6 g4 31. Nh2 Be5 32. Nxg4 fxg4 33. Rg6+ Kf7 34. hxg4 Rd2 35. Bf5 Qh2+ 36. Kf3 Qh3+ 37. Ke4 Qd3+ 38. Kxe5 Qd4# 0-1

[Event "4NCL Online Division 3"]
[Site "online"]
[Date "2022.03.08"]
[EventDate "2022.03.08"]
[Round "4.132"]
[White "Robinson, Adam"]
[WhiteElo "1990"]
[WhiteTeam "Hackney Hackers"]
[Black "Amir, Zain"]
[BlackElo "1607"]
[BlackTeam "Warwickshire Bears B"]
[Result "1-0"]
[PlyCount "55"]

1. e4 Nc6 2. d4 d5 3. e5 Bf5 4. c3 e6 5. Bd3 Bxd3 6. Qxd3 f6 7. f4 fxe5 8. fxe5 Nge7 9. Nh3 g6 10. O-O Nf5 11. g4 Nh6 12. Qf3 Qd7 13. Bg5 Bg7 14. Bf6 Rf8 15. Nd2 Bxf6 16. exf6 e5 17. dxe5 Nxe5 18. Rae1 Qd6 19. g5 O-O-O 20. Rxe5 Qxe5 21. gxh6 Kb8 22. Nb3 Rf7 23. Nc5 b6 24. Nd3 Qe4 25. Ng5 Qxf3 26. Rxf3 Rfd7 27. f7 Rf8 28. Ne5 1-0

[Event "4NCL Online Division 3"]
[Site "online"]
[Date "2022.03.08"]
[EventDate "2022.03.08"]
[Round "4.133"]
[White "Vaidyanathan, Adithya"]
[WhiteElo "1559"]
[WhiteTeam "Warwickshire Bears B"]
[Black "Ciesielski, Marceli"]
[BlackElo "1777"]
[BlackTeam "Hackney Hackers"]
[Result "0-1"]
[PlyCount "154"]

1. Nf3 c5 2. c3 d5 3. d4 Nf6 4. Bf4 Qb6 5. Qb3 c4 6. Qc2 g6 7. Nbd2 Bf5 8. Qc1 Bg7 9. e3 O-O 10. Be2 Nc6 11. b3 cxb3 12. axb3 Rfe8 13. O-O Nh5 14. Bg3 Nxg3 15. hxg3 e5 16. Re1 Rac8 17. Qb2 a6 18. b4 exd4 19. exd4 Nxd4 20. cxd4 Rc2 21. Qb3 Rxd2 22. Nxd2 Bxd4 23. Qf3 Bxa1 24. Rxa1 Qxb4 25. Nf1 Qb2 26. Re1 a5 27. Ne3 a4 28. Qxd5 a3 29. Bc4 Be6 30. Qb5 Ra8 31. Rb1 Qxb5 32. Bxb5 a2 33. Ra1 Ra3 34. Bf1 Rc3 35. Nd1 Rc2 36. Ne3 Rb2 37. Bd3 b5 38. Nd1 Rb3 39. Bc2 Ra3 40. Nb2 b4 41. f3 Rc3 42. Bd1 b3 43. Na4 Rd3 44. Nb2 Rd2 45. Na4 b2 46. Nxb2 Rxb2 47. Rxa2 Rxa2 48. Kf1 Ra1 49. Ke2 f5 50. f4 Bd5 51. Bc2 Ra2 52. Kd1 Bxg2 53. Bb3+ Kg7 54. Bxa2 Kf6 55. Ke2 h6 56. Kf2 Bc6 57. Bc4 g5 58. fxg5+ hxg5 59. Be2 Ke5 60. Bf3 Bxf3 61. Kxf3 Kd4 62. Ke2 Ke4 63. Kf2 Kd3 64. Kf3 g4+ 65. Kf4 Ke2 66. Kxf5 Kf3 67. Kg5 Kxg3 68. Kf5 Kf3 69. Ke5 g3 70. Kd4 g2 71. Kd3 g1=Q 72. Kd2 Qe3+ 73. Kc2 Ke2 74. Kb1 Qd2 75. Ka1 Kd3 76. Kb1 Kc3 77. Ka1 Qb2# 0-1

[Event "4NCL Online Division 3"]
[Site "online"]
[Date "2022.03.08"]
[EventDate "2022.03.08"]
[Round "4.134"]
[White "Conway, Paul Bernard"]
[WhiteElo "1833"]
[WhiteTeam "Hackney Hackers"]
[Black "Xia, Weiquan"]
[BlackElo "1465"]
[BlackTeam "Warwickshire Bears B"]
[Result "1-0"]
[PlyCount "111"]

1. e4 Nc6 2. d4 d5 3. Nc3 dxe4 4. d5 Nb8 5. Nxe4 Bf5 6. Ng3 Bd7 7. Nf3 Nf6 8. Ne5 e6 9. dxe6 Bxe6 10. Qxd8+ Kxd8 11. Bg5 h6 12. Bxf6+ gxf6 13. Nc4 Nd7 14. O-O-O Bg7 15. Kb1 Kc8 16. Ne3 Rd8 17. Ngf5 Bf8 18. g3 c6 19. Nd4 Ne5 20. Bg2 Kc7 21. f4 Nd7 22. f5 Bxa2+ 23. Kxa2 Ne5 24. Nf3 Nxf3 25. Bxf3 a5 26. Rxd8 Rxd8 27. Rd1 Rxd1 28. Bxd1 b6 29. Bh5 c5 30. Bxf7 b5 31. Be6 Kd6 32. h4 Ke5 33. Ng4+ Ke4 34. Nxf6+ Kf3 35. g4 Bg7 36. g5 hxg5 37. hxg5 Kf4 38. Nh5+ Kxg5 39. Nxg7 Kf6 40. Ne8+ Ke7 41. Nc7 b4 42. Nd5+ Kf8 43. f6 Ke8 44. f7+ Kf8 45. Nb6 b3+ 46. Kxb3 Ke7 47. Nd7 a4+ 48. Kxa4 Kxe6 49. f8=Q Kxd7 50. Qf6 c4 51. Kb4 c3 52. bxc3 Kc7 53. Kc5 Kb8 54. Qe7 Ka8 55. Kb6 Kb8 56. Qb7# 1-0

[Event "4NCL Online Division 3"]
[Site "online"]
[Date "2022.03.08"]
[EventDate "2022.03.08"]
[Round "4.141"]
[White "Virgin, Jack"]
[WhiteElo "1844"]
[WhiteTeam "Charlton Cobras B"]
[Black "Bray, David"]
[BlackElo "2012"]
[BlackTeam "Braunstone"]
[Result "0-1"]
[PlyCount "82"]

1. e4 c5 2. Nc3 Nc6 3. f4 g6 4. Nf3 Bg7 5. Bb5 Nd4 6. e5 Nxb5 7. Nxb5 Nh6 8. a4 O-O 9. d4 a6 10. Nc3 cxd4 11. Nxd4 d6 12. Be3 dxe5 13. fxe5 Ng4 14. Qf3 Nxe5 15. Qe4 Ng4 16. O-O-O Nxe3 17. Nc6 Qb6 18. Nxe7+ Kh8 19. a5 Qe6 20. Qxe6 Bxe6 21. Rd3 Bh6 22. Kb1 Nxg2 23. Ncd5 Nf4 24. Nxf4 Bxf4 25. Nd5 Bxd5 26. Rxd5 Rad8 27. Rc5 Rd7 28. h4 h5 29. Rf1 Bh6 30. Rf6 Kg7 31. Rf3 Rfd8 32. Rb3 f5 33. Rg3 Rd5 34. Rc7+ R8d7 35. Rc8 Rxa5 36. b4 Rad5 37. Rgc3 Bf4 38. R3c4 Be5 39. Re8 Bf6 40. Re6 Kf7 41. Rb6 Bd8 0-1

[Event "4NCL Online Division 3"]
[Site "online"]
[Date "2022.03.08"]
[EventDate "2022.03.08"]
[Round "4.142"]
[White "Tang, Julian"]
[WhiteElo "1772"]
[WhiteTeam "Braunstone"]
[Black "Jones, Humphrey C N"]
[BlackElo "1616"]
[BlackTeam "Charlton Cobras B"]
[Result "1-0"]
[PlyCount "103"]

1. e4 e6 2. f4 d5 3. exd5 exd5 4. Nf3 Nf6 5. d4 Bg4 6. Be2 Bd6 7. O-O O-O 8. c3 Nc6 9. Ne5 Bxe2 10. Qxe2 Ne7 11. Be3 Nf5 12. Nd2 Nxe3 13. Qxe3 a5 14. Rf3 Re8 15. Qd3 a4 16. a3 c5 17. Rh3 cxd4 18. cxd4 Ra6 19. Rc1 g6 20. Ndf3 Ne4 21. Qb5 Bxe5 22. Nxe5 Rb6 23. Qe2 f6 24. Nd3 Qd6 25. Qg4 Qe6 26. Qh4 Qf7 27. Nb4 Rd6 28. Rf1 Rd7 29. Qg4 Qg7 30. Qd1 Qf7 31. Qxa4 Red8 32. Nd3 Qe7 33. Nc5 Nxc5 34. dxc5 d4 35. Qc4+ Kg7 36. Rd3 Qe4 37. b4 h5 38. b5 Rc8 39. a4 Qd5 40. Rc1 Qxc4 41. Rxc4 Re8 42. Kf2 Re4 43. g3 f5 44. a5 Kf7 45. c6 bxc6 46. Rxc6 Re6 47. Rxe6 Kxe6 48. a6 Kd5 49. b6 Kc6 50. Rb3 Rd8 51. Ke2 d3+ 52. Rxd3 1-0

[Event "4NCL Online Division 3"]
[Site "online"]
[Date "2022.03.08"]
[EventDate "2022.03.08"]
[Round "4.143"]
[White "Smillie, Robert"]
[WhiteElo "1650"]
[WhiteTeam "Charlton Cobras B"]
[Black "Hart, Gavin"]
[BlackElo "1788"]
[BlackTeam "Braunstone"]
[Result "0-1"]
[PlyCount "56"]

1. e4 e5 2. Nf3 Nc6 3. Bc4 Nf6 4. Ng5 d5 5. exd5 Na5 6. Bb5+ c6 7. dxc6 bxc6 8. Qf3 Be7 9. O-O O-O 10. Ne4 Nd5 11. Ba4 f5 12. Nec3 e4 13. Qd1 Ba6 14. Re1 Bd6 15. g3 Rf6 16. d3 e3 17. Bxe3 Nxe3 18. fxe3 Qb8 19. Bb3+ Nxb3 20. axb3 Bxg3 21. Rxa6 Bxh2+ 22. Kf1 Qg3 23. Qh5 Rh6 24. Qxf5 Rf8 25. Qxf8+ Kxf8 26. Ne4 Qf3+ 27. Nf2 Bg3 28. Re2 Rh1# 0-1

[Event "4NCL Online Division 3"]
[Site "online"]
[Date "2022.03.08"]
[EventDate "2022.03.08"]
[Round "4.144"]
[White "Pyun, Lindsay"]
[WhiteElo "1753"]
[WhiteTeam "Braunstone"]
[Black "Roberts, Laurie B"]
[BlackElo "1698"]
[BlackTeam "Charlton Cobras B"]
[Result "1-0"]
[PlyCount "79"]

1. e4 c6 2. d4 d5 3. exd5 cxd5 4. Nf3 Nc6 5. c3 Nf6 6. Bd3 Bg4 7. h3 Bxf3 8. Qxf3 e6 9. Bf4 Bd6 10. O-O O-O 11. Bg5 Be7 12. Bxf6 Bxf6 13. Bc2 Bxd4 14. cxd4 Nxd4 15. Qd3 Nxc2 16. Qxc2 Rc8 17. Qd3 a6 18. Nd2 b5 19. Rac1 Qf6 20. Rc2 Qe7 21. Rfc1 Qb7 22. Rc5 Rxc5 23. Rxc5 Rc8 24. Qc2 Rxc5 25. Qxc5 h6 26. Nb3 e5 27. Qd6 f6 28. Nc5 Qa8 29. Qxa6 Qxa6 30. Nxa6 d4 31. Nc7 e4 32. Nxb5 d3 33. Kf1 f5 34. Ke1 g6 35. Kd2 Kf7 36. f3 Ke6 37. fxe4 fxe4 38. Ke3 Kd5 39. Nc3+ Ke5 40. Nxe4 1-0

[Event "4NCL Online Division 3"]
[Site "online"]
[Date "2022.03.08"]
[EventDate "2022.03.08"]
[Round "4.151"]
[White "Suyal, Nivedita"]
[WhiteElo "1072"]
[WhiteTeam "Phones Pals B"]
[Black "Kumar, Sanjit S"]
[BlackElo "1759"]
[BlackTeam "KCS U13"]
[Result "0-1"]
[PlyCount "96"]

1. e4 e6 2. d4 d5 3. e5 c5 4. Nf3 Nc6 5. Nc3 Qb6 6. a3 cxd4 7. Ne2 Bc5 8. b4 Be7 9. Nexd4 Bd7 10. Be3 Nxd4 11. Bxd4 Qc7 12. Be2 Nh6 13. O-O Nf5 14. Bb2 O-O 15. Bd3 Nh6 16. h3 f6 17. Re1 f5 18. Qd2 Kh8 19. Bd4 Rg8 20. Be3 Nf7 21. Bf4 g5 22. Bh2 f4 23. g3 Raf8 24. g4 h5 25. c3 Nh6 26. gxh5 g4 27. hxg4 Nxg4 28. Bg6 Be8 29. Bxf4 Bxg6 30. hxg6 Rxg6 31. Nd4 Nxe5+ 32. Kh1 Kg7 33. Bxe5+ Qxe5 34. Nxe6+ Qxe6 35. Qd4+ Bf6 36. Qh4 Qxe1+ 37. Rxe1 Bxh4 38. Re3 Bxf2 39. Rh3 Rh8 40. Rxh8 Kxh8 41. Kh2 Be1 42. Kh3 Bxc3 43. b5 d4 44. a4 d3 45. a5 d2 46. a6 bxa6 47. bxa6 d1=Q 48. Kh4 Qh1# 0-1

[Event "4NCL Online Division 3"]
[Site "online"]
[Date "2022.03.08"]
[EventDate "2022.03.08"]
[Round "4.152"]
[White "Soulier, Alfred"]
[WhiteElo "1718"]
[WhiteTeam "KCS U13"]
[Black "Lukhi, Neev"]
[BlackElo "970"]
[BlackTeam "Phones Pals B"]
[Result "1-0"]
[PlyCount "83"]

1. d4 Nf6 2. Nc3 d5 3. Bf4 a6 4. e3 e6 5. Bd3 c5 6. dxc5 Bxc5 7. Qd2 Nc6 8. Nf3 h6 9. h4 Qe7 10. Bh2 O-O 11. O-O e5 12. Be2 Rd8 13. Na4 Ng4 14. Nxc5 Nxh2 15. Nxh2 Qxc5 16. Nf3 Qe7 17. g3 d4 18. Rfd1 Bg4 19. exd4 Bxf3 20. Bxf3 Nxd4 21. Qd3 Rac8 22. Qe4 Rxc2 23. Rxd4 Rxd4 24. Qxc2 Qd7 25. Rd1 g6 26. Rxd4 Qxd4 27. Qc8+ Kg7 28. Qxb7 a5 29. Bd5 Qd1+ 30. Kg2 Qxd5+ 31. Qxd5 Kh8 32. Qxa5 e4 33. Qe5+ f6 34. Qxf6+ Kg8 35. Qxg6+ Kh8 36. Qxh6+ Kg8 37. Qg6+ Kh8 38. Qxe4 Kg8 39. Qe7 Kh8 40. h5 Kg8 41. h6 Kh8 42. Qg7# 1-0

[Event "4NCL Online Division 3"]
[Site "online"]
[Date "2022.03.08"]
[EventDate "2022.03.08"]
[Round "4.153"]
[White "Benson, Alice"]
[WhiteElo "740"]
[WhiteTeam "Phones Pals B"]
[Black "Pasha, Zayn"]
[BlackElo "972"]
[BlackTeam "KCS U13"]
[Result "1-0"]
[PlyCount "49"]

1. e4 c5 2. Nf3 d6 3. d4 cxd4 4. Nxd4 Nf6 5. Nc3 a6 6. Be3 g6 7. f3 Bg7 8. Qd2 e5 9. Nb3 Be6 10. O-O-O a5 11. Qxd6 Qxd6 12. Rxd6 Bf8 13. Rd2 Nbd7 14. Bb5 Bb4 15. Bg5 Ke7 16. Bxd7 Bxb3 17. axb3 h6 18. Bxf6+ Kxf6 19. Rdd1 Bxc3 20. bxc3 Ke7 21. Rd3 Rhd8 22. Rhd1 Ra6 23. Ba4 Rb8 24. c4 f5 25. Bb5 1-0

[Event "4NCL Online Division 3"]
[Site "online"]
[Date "2022.03.08"]
[EventDate "2022.03.08"]
[Round "4.161"]
[White "Radchenko, Alexey"]
[WhiteElo "1927"]
[WhiteTeam "Wells Globetrotters 1"]
[Black "Gardiner, Harry"]
[BlackElo "1698"]
[BlackTeam "Crewe BOL"]
[Result "1-0"]
[PlyCount "67"]

1. d4 Nf6 2. Nf3 e6 3. Bf4 d5 4. Nbd2 c5 5. c3 Nc6 6. e3 Nh5 7. Be5 f6 8. Bg3 Nxg3 9. hxg3 Bd6 10. Bd3 Qc7 11. e4 cxd4 12. Nxd4 dxe4 13. Nb5 Qd7 14. Nxd6+ Qxd6 15. Nxe4 Qe7 16. Qh5+ g6 17. Qxg6+ hxg6 18. Rxh8+ Kd7 19. Rh7 e5 20. Rxe7+ Kxe7 21. O-O-O Bg4 22. Rh1 Bh5 23. f3 Rd8 24. g4 f5 25. Nf2 fxg4 26. fxg4 Bxg4 27. Rh7+ Ke6 28. Bc4+ Kf5 29. Rxb7 e4 30. Rf7+ Kg5 31. Nxe4+ Kh4 32. Bb5 Ne5 33. Rh7+ Bh5 34. Rxa7 1-0

[Event "4NCL Online Division 3"]
[Site "online"]
[Date "2022.03.08"]
[EventDate "2022.03.08"]
[Round "4.162"]
[White "Price, David P"]
[WhiteElo "1640"]
[WhiteTeam "Crewe BOL"]
[Black "Lampard, Alice"]
[BlackElo "1974"]
[BlackTeam "Wells Globetrotters 1"]
[Result "0-1"]
[PlyCount "96"]

1. d4 Nf6 2. Nf3 g6 3. e3 Bg7 4. Bd3 O-O 5. Nbd2 d5 6. c3 Nbd7 7. O-O c5 8. Bc2 b5 9. e4 c4 10. e5 Ne8 11. Ng5 Nc7 12. Qe2 h6 13. Nh3 a5 14. f4 e6 15. Nf3 b4 16. Bd2 Qe7 17. Be1 Nb5 18. Nh4 bxc3 19. bxc3 Nxc3 20. Qe3 Nb5 21. a4 Nc7 22. Qg3 Nb8 23. Nxg6 fxg6 24. Qxg6 Rf7 25. Qh7+ Kf8 26. Bg6 Bxe5 27. Bxf7 Bxd4+ 28. Kh1 Qxf7 29. Qxh6+ Bg7 30. Qg5 Bxa1 31. Qd8+ Qe8 32. Qxc7 Nd7 33. Qd6+ Qe7 34. Qc7 Bd4 35. f5 Be5 36. fxe6+ Kg8 37. Rf7 Bxc7 38. Rxe7 Kf8 39. Bh4 Bd8 40. Rf7+ Ke8 41. Bxd8 Kxd8 42. exd7 Bxd7 43. Rf8+ Be8 44. Nf4 Rb8 45. h4 c3 46. Nxd5 c2 47. Nf6 c1=Q+ 48. Kh2 Qf4+ 0-1

[Event "4NCL Online Division 3"]
[Site "online"]
[Date "2022.03.08"]
[EventDate "2022.03.08"]
[Round "4.163"]
[White "Strong, Chris M"]
[WhiteElo "1745"]
[WhiteTeam "Wells Globetrotters 1"]
[Black "Nienaber, Kobus"]
[BlackElo "1406"]
[BlackTeam "Crewe BOL"]
[Result "1/2-1/2"]
[PlyCount "45"]

1. e4 e5 2. Nf3 d6 3. Nc3 Nf6 4. d4 exd4 5. Nxd4 Be7 6. Be3 O-O 7. f3 a6 8. Qd2 c5 9. Nb3 Be6 10. O-O-O Bxb3 11. axb3 Nc6 12. h4 Qa5 13. Qf2 Qa1+ 14. Nb1 Nb4 15. h5 h6 16. g4 Nh7 17. f4 Bf6 18. c3 Rfc8 19. Rxd6 Na2+ 20. Kc2 Nb4+ 21. Kc1 Na2+ 22. Kc2 Nb4+ 23. Kc1 1/2-1/2

[Event "4NCL Online Div 3 Playoff"]
[Site "online"]
[Date "2022.05.03"]
[EventDate "2022.05.03"]
[Round "8.11"]
[White "Cook, Philip"]
[WhiteElo "2106"]
[WhiteTeam "Hebden Bridge 1"]
[Black "Vadalia, Jainill"]
[BlackElo "1140"]
[BlackTeam "Phones Pals B"]
[Result "1-0"]
[PlyCount "153"]

1. d4 Nf6 2. Nf3 e6 3. g3 d5 4. Bg2 c5 5. O-O Nc6 6. c4 Be7 7. cxd5 exd5 8. dxc5 Bxc5 9. a3 O-O 10. b4 Bd6 11. Nc3 Bc7 12. Bg5 Be6 13. Bxf6 Qxf6 14. Nxd5 Bxd5 15. Qxd5 Rfe8 16. e3 h6 17. Rac1 a6 18. Rfd1 Bb6 19. Qb3 Ne7 20. Nd4 Rab8 21. a4 Red8 22. Ne2 Nf5 23. Nf4 Re8 24. Nd5 Qe6 25. Qb1 Ne7 26. a5 Bd8 27. Nc7 Bxc7 28. Rxc7 Nc6 29. Bd5 Qe5 30. Rxf7 Kh8 31. Bxc6 bxc6 32. Rdd7 Rg8 33. Qg6 Qg5 34. Qxg5 hxg5 35. Rd4 Kh7 36. Rf5 Kg6 37. Rc5 Rgc8 38. Rd6+ Kh7 39. Rdxc6 Rxc6 40. Rxc6 Rxb4 41. Rxa6 g4 42. Kg2 Rb2 43. Ra8 Ra2 44. a6 Kg6 45. Kf1 Ra1+ 46. Ke2 Ra2+ 47. Kd3 Rxf2 48. a7 Ra2 49. e4 Ra3+ 50. Kd4 Ra4+ 51. Ke3 Kg5 52. e5 Ra6 53. Ke4 Ra4+ 54. Kd5 Ra5+ 55. Ke6 g6 56. Kd6 Ra6+ 57. Kd7 Kf5 58. Rf8+ Kxe5 59. a8=Q Rxa8 60. Rxa8 Ke4 61. Ke6 Kf3 62. Kf6 Kg2 63. Ra2+ Kh3 64. Ra3 Kxh2 65. Kxg6 Kh3 66. Kg5 Kh2 67. Kxg4 Kh1 68. Kf4 Kh2 69. g4 Kg2 70. g5 Kf2 71. g6 Ke2 72. g7 Kd2 73. g8=Q Kc2 74. Qb3+ Kc1 75. Ra1+ Kd2 76. Ra2+ Kc1 77. Qc2# 1-0

[Event "4NCL Online Div 3 Playoff"]
[Site "online"]
[Date "2022.05.03"]
[EventDate "2022.05.03"]
[Round "8.12"]
[White "Lukhi, Neev"]
[WhiteElo "970"]
[WhiteTeam "Phones Pals B"]
[Black "Eagleton, Greg T"]
[BlackElo "2083"]
[BlackTeam "Hebden Bridge 1"]
[Result "0-1"]
[PlyCount "64"]

1. d4 Nf6 2. Bf4 c5 3. e3 d5 4. Nd2 Nc6 5. c3 a6 6. a4 Bf5 7. Ngf3 e6 8. Ne5 cxd4 9. exd4 Bd6 10. Ndf3 Qc7 11. Bd3 Bxd3 12. Qxd3 O-O 13. O-O Ne4 14. c4 f6 15. cxd5 fxe5 16. dxc6 Rxf4 17. g3 Rg4 18. dxe5 Bc5 19. Rae1 Qxc6 20. Kg2 Rf8 21. h4 Nd2 22. Qxd2 Qxf3+ 23. Kh2 Bxf2 24. Rxf2 Qxf2+ 25. Qxf2 Rxf2+ 26. Kh3 Rxa4 27. b3 Rb4 28. Rd1 h5 29. Rd6 Re4 30. Rxe6 Ree2 31. Re8+ Kh7 32. g4 Rf3# 0-1